Popular paintings (part-1) - Statistics

General Stats
  • This quiz has been taken 56 times
  • The average score is 7 of 15
Answer Stats
Picture Hint Answer % Correct
Leonardo da Vinci Mona Lisa
100%
Vincent van Gogh The Starry Night
92%
Leonardo da Vinci The Last Supper
84%
Gustav Klimt The Kiss
69%
Sandro Botticelli The Birth Of Venus
59%
Johannes Vermeer Girl with a Pearl Earring
51%
Pablo Picasso Guernica
49%
James McNeill Whistler Whistler's Mother
39%
Rembrandt The Night Watch
33%
hieronymus bosch The Garden of Earthly Delights
27%
Claude monet Impression, Sunrise
20%
Diego Velazquez Las Meninas
18%
Eugene Delacroix Liberty Leading the People
14%
Caspar David Friedrich Wanderer above the Sea of Fog
6%
Edouard manet Le Déjeuner sur l'herbe
2%
No matching quizzes found
Score Distribution
Percent of People with Each Score
Percentile by Number Answered
Your Score History
You have not taken this quiz